000 00656cam a2200193Ia 4500
020 _a0070569274
020 _a9780070569270
040 _cBRL
082 _a621 HIL 1990 A046 Or.
245 0 0 _aMechanisms :
_ba mechanical designers' workbook /
260 _aNew York :
_bMcGraw-Hill,
_cc1990.
300 _axii, 241 p. :
_bill. ;
_c28 cm.
490 1 _aMcGraw-Hill mechanical designers' workbook series
500 _a"The material in this volume has been published previously in Standard handbook of machine design"--T.p. verso.
650 0 _aMechanical movements
700 1 _aShigley, Joseph Edward.
700 1 _aMischke, Charles R.
942 _cEK
999 _c13494
_d13494